World industry in 1980 : Regular issue of the biennial industrial development survey
Uloženo v:
| Korporativní autor: | |
|---|---|
| Médium: | Kniha |
| Jazyk: | Undetermined |
| Vydáno: |
New York
United nations
1981
|
| Témata: | |
| Tagy: |
Přidat tag
Žádné tagy, Buďte první, kdo otaguje tento záznam!
|
| Thư viện lưu trữ: | Trung tâm Học liệu Trường Đại học Cần Thơ |
|---|
| LEADER | 00631nam a2200193Ia 4500 | ||
|---|---|---|---|
| 001 | CTU_86286 | ||
| 008 | 210402s9999 xx 000 0 und d | ||
| 082 | |a 338 | ||
| 082 | |b U58 | ||
| 110 | |a United nations industrial development organization | ||
| 245 | 0 | |a World industry in 1980 : | |
| 245 | 0 | |b Regular issue of the biennial industrial development survey | |
| 245 | 0 | |c United nations industrial development organization | |
| 260 | |a New York | ||
| 260 | |b United nations | ||
| 260 | |c 1981 | ||
| 650 | |a Economic history,Industries,Manufactures | ||
| 904 | |i Năm | ||
| 980 | |a Trung tâm Học liệu Trường Đại học Cần Thơ | ||